Guess The Food By Picture - Statistics

General Stats
  • This quiz has been taken 149 times
  • The average score is 5 of 8
Answer Stats
Picture Answer % Correct
Churro
91%
Lasagna
83%
Fries
68%
Pancakes
53%
Ribs
53%
Doughnut
36%
Apricot
34%
Lychee
32%
No matching quizzes found
Score Distribution
Percent of People with Each Score
Percentile by Number Answered
Your Score History
You have not taken this quiz